Locke : (Record no. 24731)
[ view plain ]
| 000 -LEADER | |
|---|---|
| fixed length control field | 00815cam a22002655a 4500 |
| 001 - CONTROL NUMBER | |
| control field | 13257011 |
| 005 - DATE AND TIME OF LATEST TRANSACTION | |
| control field | 20170427143500.0 |
| 008 - FIXED-LENGTH DATA ELEMENTS--GENERAL INFORMATION | |
| fixed length control field | 030630s2003 enka frb f001 0deng d |
| 020 ## - INTERNATIONAL STANDARD BOOK NUMBER | |
| International Standard Book Number | 0192803948 |
| 020 ## - INTERNATIONAL STANDARD BOOK NUMBER | |
| International Standard Book Number | 9780192803948 |
| 040 ## - CATALOGING SOURCE | |
| Original cataloging agency | UKM |
| Transcribing agency | UKM |
| Modifying agency | C#P |
| -- | DLC |
| -- | EG-ScBUE |
| Language of cataloging | eng |
| 082 04 - DEWEY DECIMAL CLASSIFICATION NUMBER | |
| Classification number | 192 |
| Edition number | 22 |
| Item number | DUN |
| 100 1# - MAIN ENTRY--PERSONAL NAME | |
| Personal name | Dunn, John, |
| Dates associated with a name | 1940- |
| 9 (RLIN) | 38419 |
| 245 10 - TITLE STATEMENT | |
| Title | Locke : |
| Remainder of title | a very short introduction / |
| Statement of responsibility, etc | John Dunn. |
| 260 ## - PUBLICATION, DISTRIBUTION, ETC. (IMPRINT) | |
| Place of publication, distribution, etc | Oxford ; |
| -- | New York : |
| Name of publisher, distributor, etc | Oxford University Press, |
| Date of publication, distribution, etc | 2003. |
| 300 ## - PHYSICAL DESCRIPTION | |
| Extent | 112 p. : |
| Other physical details | ill. ; |
| Dimensions | 18 cm. |
| 490 0# - Series Statement | |
| Series statement | Very short introductions ; |
| Volume/sequential designation | 84 |
| 500 ## - GENERAL NOTE | |
| General note | Index : p. 107-112. |
| 504 ## - BIBLIOGRAPHY, ETC. NOTE | |
| Bibliography, etc | Bibliography : p. 101-106. |
| 600 10 - SUBJECT ADDED ENTRY--PERSONAL NAME | |
| Personal name | Locke, John, |
| Dates associated with a name | 1632-1704. |
| 650 #7 - SUBJECT ADDED ENTRY--TOPICAL TERM | |
| Topical term or geographic name as entry element | Philosophy, English |
| Chronological subdivision | 17th century. |
| Source of heading or term | BUEsh |
| 651 ## - SUBJECT ADDED ENTRY--GEOGRAPHIC NAME | |
| Source of heading or term | BUEsh |
| 653 ## - INDEX TERM--UNCONTROLLED | |
| Resource For college | Humanities: Psychology |
| Arrived date list | April2017 |
| 942 ## - ADDED ENTRY ELEMENTS (KOHA) | |
| Source of classification or shelving scheme | Dewey Decimal Classification |
| Withdrawn status | Item status | Source of classification or shelving scheme | Damaged status | Not for loan | Vendor | Home library | Current library | Shelving location | Date acquired | Source of acquisition | Cost, normal purchase price | Serial Enumeration / chronology | Total Checkouts | Full call number | Barcode | Date last seen | Date last borrowed | Cost, replacement price | Koha item type |
|---|---|---|---|---|---|---|---|---|---|---|---|---|---|---|---|---|---|---|---|
| Dewey Decimal Classification | Academic Bookshop | Central Library | Central Library | Lower Floor | 27/04/2017 | Purchase | 63.00 | 1849 | 1 | 192 DUN | 000041725 | 15/07/2025 | 11/11/2017 | 78.75 | Book - Borrowing |